Semblanza de josé martí : glosa del centenario /
Guardado en:
| Autor Principal: | |
|---|---|
| Formato: | Libro |
| Publicado: |
Baltimore :
Johns Hopkins University Press,
1953
|
| Materias: | |
| Etiquetas: |
Agregar Etiqueta
Sin Etiquetas, Sea el primero en etiquetar este registro!
|
| LEADER | 00712nam a22002055a 4500 | ||
|---|---|---|---|
| 001 | EHU.bham044360 | ||
| 003 | AR-BHAM | ||
| 005 | 20161024132041.0 | ||
| 008 | 130507s1953##################000#0#####d | ||
| 082 | 9 | 2 | |a 928 |
| 100 | 1 | |a González, Manuel Pedro | |
| 245 | 1 | 0 | |a Semblanza de josé martí : |b glosa del centenario / |c Manuel Pedro González |
| 260 | |a Baltimore : |b Johns Hopkins University Press, |c 1953 | ||
| 300 | |a p.áginas: 43-51 | ||
| 500 | |a Separata de Hispania. Vol. Xxxvi, Nº1, february, 1953. | ||
| 600 | 1 | 4 | |a Martí, José |
| 653 | |a Biografías de escritores | ||
| 653 | |a Cuba-historia de | ||
| 653 | |a Literatura cubana-estudios de | ||
| 859 | |a AR-BHAM |b BIB. HUMANIDADES - General |h 928 |i M363g-1 |p 129.15 |t Ej.1 | ||
